[Event "COL-ch visually impaired 2nd"]
[Site "Cali"]
[Date "2008.10.26"]
[Round "4.1"]
[White "Rico, Edgar"]
[Black "Torres, Saulo de Jesus"]
[Result "0-1"]
[WhiteElo "1690"]
[BlackElo "1750"]
[PlyCount "114"]
[EventDate "2008.10.25"]
[EventType "swiss"]
[EventRounds "7"]
[EventCountry "COL"]
[SourceTitle "EXT 2024"]
[Source "ChessBase"]
[SourceDate "2023.10.10"]
[SourceVersion "1"]
[SourceVersionDate "2023.10.10"]
[SourceQuality "1"]

1. d4 Nf6 2. c4 g6 3. Nc3 Bg7 4. e4 d6 5. Nf3 0-0 6. Be2 e5 7. d5 a5 8. 0-0 Nbd7 9. Ne1 Kh8 10. Nd3 Ng8 11. Be3 f5 12. f3 b6 13. a3 f4 14. Bf2 g5 15. Rc1 Rf6 16. b4 axb4 17. axb4 Rg6 18. c5 bxc5 19. bxc5 Ndf6 20. cxd6 cxd6 21. Nb5 g4 22. fxg4 Nxg4 23. h3 Nxf2 24. Nxf2 Qg5 25. Bf3 Qh4 26. Nxd6 Rxd6 27. Rc6 Qd8 28. Qc2 Rxc6 29. dxc6 Qc7 30. Rc1 Ne7 31. Nd3 Ra6 32. Nb4 Qb6+ 33. Qc5 Qxc5+ 34. Rxc5 Rb6 35. Nd5 Rxc6 36. Ra5 Bf6 37. Nxf6 Rxf6 38. Rxe5 Re6 39. Rc5 Ba6 40. Bg4 Rxe4 41. Rc7 Be2 42. Bd7 Kg7 43. Kf2 Kf6 44. Rc2 Bh5 45. Rd2 Re3 46. Rd6+ Kg5 47. Rd4 Ra3 48. h4+ Kxh4 49. Rxf4+ Kg5 50. Rc4 Bg6 51. Rc5+ Kf4 52. Rb5 Ra2+ 53. Kg1 Be4 54. Bh3 Nf5 55. Rb8 Ne3 56. Rf8+ Kg3 57. Rg8+ Bg6 0-1